[Event "St Louis Winter B 2018"]
[Site "Saint Louis USA"]
[Date "2018.11.13"]
[Round "9.5"]
[White "Benjamin, Joel"]
[Black "Van Foreest, Lucas"]
[Result "1-0"]
[WhiteTitle "GM"]
[BlackTitle "GM"]
[WhiteElo "2526"]
[BlackElo "2499"]
[WhiteFideId "2000091"]
[BlackFideId "1039792"]
[EventDate "2018.11.05"]

1. c4 Nf6 2. Nc3 e6 3. e4 d5 4. e5 d4 5. exf6 dxc3 6. bxc3 Qxf6 7. Nf3 b6 8. d4
Bb7 9. Bd3 Bd6 10. Bg5 Bxf3 11. Qd2 Bf4 12. Bxf4 Bxg2 13. Rg1 Bb7 14. Rg3 Qe7
15. Rxg7 Nd7 16. Bxc7 Nc5 17. Bg3 Nxd3+ 18. Qxd3 O-O-O 19. Qe3 Qf6 20. Be5 Qe7
21. Qg3 Rhf8 22. a4 Qd7 23. Kd2 Qc6 24. Qf4 Qxc4 25. a5 Qb3 26. Rc1 Qa2+ 27. Rc2
Qxa5 28. Bd6 Rxd6 29. Qxd6 Rd8 30. Qf4 e5 31. Qg4+ Kb8 32. Rg8 Rxg8 33. Qxg8+
Bc8 34. Qg5 f6 35. Qxf6 exd4 36. Qxd4 Bf5 37. Rc1 Qa2+ 38. Ke1 Qe6+ 39. Qe3 Qd5
40. Qf4+ Kb7 41. c4 Qc5 42. Qf3+ Kb8 43. Qe3 Qb4+ 44. Kf1 Bc8 45. Kg1 a5 46. h3
a4 47. c5 bxc5 48. Rxc5 Bb7 49. Qe5+ Ka7 50. Rb5 Qc4 51. Qe3+ Kb8 52. Rc5 Qb4
53. Rc3 Qb1+ 54. Kh2 Qb4 55. Kg3 Ka8 56. Rd3 Qa5 57. f4 h6 58. Qe8+ Ka7 59. Qe3+
Ka8 60. Qe5 Qb4 1-0